| 000 | 00416nam a22001697a 4500 | ||
|---|---|---|---|
| 003 | MACL | ||
| 005 | 20160115173841.0 | ||
| 008 | 160115b xxu||||| |||| 00| 0 eng d | ||
| 040 | _cMACL | ||
| 041 | _aEnglish | ||
| 082 | _a320/WAR | ||
| 100 |
_aThompson,James _932776 |
||
| 245 | _aPerformance in Place of War | ||
| 260 |
_aCalcutta _bSeagull Books _c2009 |
||
| 650 |
_aPolitical Science _932777 |
||
| 942 |
_2ddc _cBK |
||
| 999 |
_c52559 _d52559 |
||